Statystyki dla Polskie miasta w filmach i serialach

Kliknij tutaj aby rozwiązać quiz!

Ogólne statystyki

  • Ten quiz został rozwiązany 220 razy
  • Średni wynik to 9 z 16

Statystyki odpowiedzi

Film / Serial:Miasto:% Poprawnych
KrólWarszawa
95%
Policjantki i policjanciWrocław
91%
VinciKraków
90%
Ojciec MateuszSandomierz
89%
Blaszany bębenekGdańsk
87%
Święta wojnaKatowice
84%
Komisarz AleksŁódź
83%
HiszpankaPoznań
79%
Młode WilkiSzczecin
75%
SzadźOpole
46%
ProwokatorZakopane
35%
Pod powierzchniąPłock
22%
Panna NiktWałbrzych
18%
DiagnozaRybnik
16%
ArchiwistaŻyrardów
8%
Magnat / Biała wizytówkaPszczyna
6%

Rozkład punktacji

Percentyl według liczby udzielonych odpowiedzi

Procent ludzi z każdym wynikiem

Twoja historia wyników

Nie rozwiązałeś tego quizu